Calculus and analytic geometry / (Record no. 5949)

000 -LEADER
fixed length control field 00868cam a2200265 a 4500
003 - CONTROL NUMBER IDENTIFIER
control field OSt
005 - DATE AND TIME OF LATEST TRANSACTION
control field 20221114192841.0
008 - FIXED-LENGTH DATA ELEMENTS--GENERAL INFORMATION
fixed length control field 940720s1996 maua 001 0 eng
020 ## - INTERNATIONAL STANDARD BOOK NUMBER
International Standard Book Number 0201531747
040 ## - CATALOGING SOURCE
Transcribing agency DLC
049 ## - LOCAL HOLDINGS (OCLC)
Holding library JHEE
050 00 - LIBRARY OF CONGRESS CALL NUMBER
Classification number QA303
Item number .T42 1996
100 1# - MAIN ENTRY--PERSONAL NAME
Personal name Thomas, George B.
Dates associated with a name 1914-2006.
245 10 - TITLE STATEMENT
Title Calculus and analytic geometry /
Statement of responsibility, etc. George B. Thomas, Jr., Ross L. Finney ; with the collaboration of Maurice D. Weir.
250 ## - EDITION STATEMENT
Edition statement 9th ed.
260 ## - PUBLICATION, DISTRIBUTION, ETC.
Place of publication, distribution, etc. Reading, Mass. :
Name of publisher, distributor, etc. Addison-Wesley,
Date of publication, distribution, etc. c1996.
300 ## - PHYSICAL DESCRIPTION
Extent 1 v. (various pagings) :
Other physical details ill. (some col.) ;
Dimensions 27 cm.
500 ## - GENERAL NOTE
General note Includes index.
650 #0 - SUBJECT ADDED ENTRY--TOPICAL TERM
Topical term or geographic name entry element Calculus.
650 #0 - SUBJECT ADDED ENTRY--TOPICAL TERM
Topical term or geographic name entry element Geometry, Analytic.
700 1# - ADDED ENTRY--PERSONAL NAME
Personal name Finney, Ross L.
856 ## - ELECTRONIC LOCATION AND ACCESS
Uniform Resource Identifier http://172.30.46.200/cgi-bin/koha/opac-retrieve-file.pl?id=9caa2d2a112bc04f5df04ac05ff887dd
910 ## - USER-OPTION DATA (OCLC)
User-option data 2000554
942 ## - ADDED ENTRY ELEMENTS (KOHA)
Source of classification or shelving scheme
Koha item type e-book
Suppress in OPAC MW
Holdings
Withdrawn status Lost status Source of classification or shelving scheme Damaged status Not for loan Permanent Location Current Location Shelving location Date acquired Total Checkouts Full call number Date last seen Price effective from Koha item type Public note
          AU LIBRARY AU LIBRARY Virtual Library 14.11.2022   QA303 .T42 1996 14.11.2022 14.11.2022 e-book MW

Powered by Koha